Serizawa : (Record no. 353121)

000 -LEADER
fixed length control field 01192 a2200301 4500
003 - CONTROL NUMBER IDENTIFIER
control field OSt
005 - DATE AND TIME OF LATEST TRANSACTION
control field 20180116192356.0
008 - FIXED-LENGTH DATA ELEMENTS--GENERAL INFORMATION
fixed length control field 120612t xxu||||| |||| 00| 0 eng d
010 ## - LIBRARY OF CONGRESS CONTROL NUMBER
LC control number 2009015962
020 ## - INTERNATIONAL STANDARD BOOK NUMBER
International Standard Book Number 9780300150476 (alk. paper)
020 ## - INTERNATIONAL STANDARD BOOK NUMBER
International Standard Book Number 0300150474 (alk. paper)
035 ## - SYSTEM CONTROL NUMBER
System control number (OCoLC)ocn317471793
040 ## - CATALOGING SOURCE
Transcribing agency 0
082 ## - DEWEY DECIMAL CLASSIFICATION NUMBER
Classification number 746.092
100 1# - MAIN ENTRY--PERSONAL NAME
Personal name Serizawa, Keisuke,
9 (RLIN) 4434
245 10 - TITLE STATEMENT
Title Serizawa :
Remainder of title master of Japanese textile design /
Statement of responsibility, etc. edited by Joe Earle ; with contributions by Kim Brandt ... [et al.].
260 ## - PUBLICATION, DISTRIBUTION, ETC.
Place of publication, distribution, etc. New York :
Name of publisher, distributor, etc. Japan Society ;
Place of publication, distribution, etc. New Haven :
Name of publisher, distributor, etc. Yale University Press,
Date of publication, distribution, etc. c2009.
300 ## - PHYSICAL DESCRIPTION
Extent ix, 134 p. :
Other physical details col. ill. ;
Dimensions 24 x 26 cm.
500 ## - GENERAL NOTE
General note Published to accompany an exhibition held at the Japan Society Gallery, New York, Oct. 9, 2009-Jan. 17, 2010.
600 10 - SUBJECT ADDED ENTRY--PERSONAL NAME
Personal name Serizawa, Keisuke,
Dates associated with a name 1895-1984
9 (RLIN) 4435
650 10 - SUBJECT ADDED ENTRY--TOPICAL TERM
Topical term or geographic name entry element Katazome
9 (RLIN) 4436
650 10 - SUBJECT ADDED ENTRY--TOPICAL TERM
Topical term or geographic name entry element Textile design
Geographic subdivision Japan
Chronological subdivision 20th century.
9 (RLIN) 4437
700 1# - ADDED ENTRY--PERSONAL NAME
Personal name Earle, Joe.
9 (RLIN) 4438
700 1# - ADDED ENTRY--PERSONAL NAME
Personal name Brandt, Kim.
9 (RLIN) 4439
710 2# - ADDED ENTRY--CORPORATE NAME
Corporate name or jurisdiction name as entry element Japan Society (New York, N.Y.).
Subordinate unit Gallery.
9 (RLIN) 4440
942 ## - ADDED ENTRY ELEMENTS (KOHA)
Institution code [OBSOLETE] SADA
Koha item type Book
Call number prefix 746.092 SER 2009
Source of classification or shelving scheme
Holdings
Withdrawn status Lost status Source of classification or shelving scheme Damaged status Not for loan Permanent Location Current Location Date acquired Total Checkouts Full call number Barcode Date last seen Copy number Cost, replacement price Price effective from Koha item type
          School of Art Design and Architecture (SADA) School of Art Design and Architecture (SADA) 06/07/2011   746.092 SER 2009 SADA0001276 08/05/2011 01 2418.00 08/05/2011 Book
          School of Art Design and Architecture (SADA) School of Art Design and Architecture (SADA) 06/07/2011   746.092 SER 2009 SADA0001277 08/05/2011 02 2418.00 08/05/2011 Book
© 2023 Central Library, National University of Sciences and Technology. All Rights Reserved.